The geology of the Mt. Prospect complex. (Record no. 28548)

MARC details
000 -LEADER
fixed length control field 00934cam a22002531 4500
001 - CONTROL NUMBER
control field gs 51000115
003 - CONTROL NUMBER IDENTIFIER
control field DLC
005 - DATE AND TIME OF LATEST TRANSACTION
control field 20260227111357.0
008 - FIXED-LENGTH DATA ELEMENTS--GENERAL INFORMATION
fixed length control field 750929s1951 ctubf b s000 0 eng
010 ## - LIBRARY OF CONGRESS CONTROL NUMBER
LC control number gs 51000115
035 ## - SYSTEM CONTROL NUMBER
System control number (OCoLC)1661351
040 ## - CATALOGING SOURCE
Original cataloging agency DLC
Transcribing agency CtHT
Modifying agency DLC
042 ## - AUTHENTICATION CODE
Authentication code premarc
050 00 - LIBRARY OF CONGRESS CALL NUMBER
Classification number QE94.M6
Item number C3
100 1# - MAIN ENTRY--PERSONAL NAME
Personal name Cameron, Eugene N.
Fuller form of name (Eugene Nathan),
Dates associated with a name 1910-
245 14 - TITLE STATEMENT
Title The geology of the Mt. Prospect complex.
260 ## - PUBLICATION, DISTRIBUTION, ETC.
Place of publication, distribution, etc. Hartford,
Name of publisher, distributor, etc. Printed by the State Geological and Natural History Survey,
Date of publication, distribution, etc. 1951.
300 ## - PHYSICAL DESCRIPTION
Extent vi, 44 p.
Other physical details plates (1 in pocket) 2 fold. maps (in pocket)
Dimensions 23 cm.
410 20 - SERIES STATEMENT/ADDED ENTRY--CORPORATE NAME [OBSOLETE, CAN/MARC], [LOCAL, USA]
Corporate name or jurisdiction name as entry element State Geological and Natural History Survey of Connecticut.
Title of a work Bulletin
Volume number/sequential designation no. 76
500 ## - GENERAL NOTE
General note Cover title: Preliminary report on the geology of the Mt. Prospect complex.
504 ## - BIBLIOGRAPHY, ETC. NOTE
Bibliography, etc. note "References cited": p. 38.
650 #0 - SUBJECT ADDED ENTRY--TOPICAL TERM
Topical term or geographic name entry element Geology
Geographic subdivision Connecticut
-- Mt. Prospect.
740 0# - ADDED ENTRY--UNCONTROLLED RELATED/ANALYTICAL TITLE
Uncontrolled related/analytical title Mount Prospect complex.

No items available.

Powered by Koha